Οι πρωτεύουσες των νομών της Ελλάδας - Statistics

General Stats
  • This quiz has been taken 717 times
  • The average score is 47 of 51
Answer Stats
Νομοί Πρωτεύουσες % Correct
Θεσσαλονίκης Θεσσαλονίκη
99%
Ξάνθης Ξάνθη
98%
Καβάλας Καβάλα
98%
Δράμας Δράμα
98%
Σερρών Σέρρες
98%
Λαρίσης Λάρισα
98%
Αττικής Αθήνα
98%
Κιλκίς Κιλκίς
97%
Κοζάνης Κοζάνη
97%
Καστοριάς Καστοριά
97%
Καρδίτσας Καρδίτσα
97%
Τρικάλων Τρίκαλα
97%
Ιωαννίνων Ιωάννινα
97%
Πρεβέζης Πρέβεζα
97%
Άρτας Άρτα
97%
Χανιών Χανιά
97%
Ηρακλείου Ηράκλειο
97%
Φλώρινας Φλώρινα
96%
Γρεβενών Γρεβενά
96%
Ρεθύμνης Ρέθυμνο
96%
Κορινθίας Κόρινθος
95%
Χίου Χίος
95%
Κέρκυρας Κέρκυρα
95%
Λευκάδας Λευκάδα
95%
Ζακύνθου Ζάκυνθος
95%
Αχαΐας Πάτρα
94%
Σάμου Σάμος
94%
Έβρου Αλεξανδρούπολη
93%
Μαγνησίας Βόλος
93%
Ηλείας Πύργος
91%
Δωδεκανήσου Ρόδος
91%
Λέσβου Μυτιλήνη
91%
Ευβοίας Χαλκίδα
90%
Ροδόπης Κομοτηνή
89%
Λακωνίας Σπάρτη
89%
Μεσσηνίας Καλαμάτα
88%
Λασιθίου Άγιος Νικόλαος
88%
Αιτωλοακαρνανίας Μεσολόγγι
87%
Αρκαδίας Τρίπολη
87%
Φθιώτιδας Λαμία
86%
Πιερίας Κατερίνη
85%
Ευρυτανίας Καρπενήσι
85%
Πέλλας Έδεσσα
83%
Ημαθίας Βέροια
82%
Θεσπρωτίας Ηγουμενίτσα
82%
Αργολίδος Ναύπλιο
82%
Κυκλάδων Ερμούπολη
81%
Χαλκιδικής Πολύγυρος
80%
Κεφαλληνίας Αργοστόλι
78%
Βοιωτίας Λιβαδειά
74%
Φωκίδας Άμφισσα
71%
No matching quizzes found
Score Distribution
Percent of People with Each Score
Percentile by Number Answered
Your Score History
You have not taken this quiz